000 00553nam a22001937a 4500
005 20251108171253.0
008 250721s9999 xx 000 0 ara d
082 1 4 _aط/636.7/فاي
100 1 _aفايز، برادلي
245 1 0 _aالجرو /
264 1 _aبيروت :
_bدار العلوم العربية،
_c[19-].
300 _a31ص
490 0 _aكل شيء عن الحيوانات الأليفة
650 1 7 _aالكلاب
650 1 7 _aالحيوانات
650 1 7 _aصغار الحيوان
942 _2ddc
_cBK
999 _c60955
_d60955